书目信息 |
| 题名: |
土力学与基础工程
|
|
| 作者: | 务新超 , 魏明 主编 | |
| 分册: | ||
| 出版信息: | 北京 机械工业出版社 2007.06 |
|
| 页数: | 299页 | |
| 开本: | 26cm | |
| 丛书名: | ||
| 单 册: | ||
| 中图分类: | TU4 | |
| 科图分类: | ||
| 主题词: | 土力学--tu li xue--高等教育--教材 , 基础工程--ji chu gong cheng--高等教育--教材 | |
| 电子资源: | ||
| ISBN: | 978-7-111-21246-1 | |
| 000 | 01055nam0 2200253 450 | |
| 001 | 012008086222 | |
| 005 | 20120408135234.87 | |
| 010 | @a978-7-111-21246-1@dCNY30.00 | |
| 100 | @a20080111d2007 em y0chiy0120 ea | |
| 101 | 0 | @achi |
| 102 | @aCN@b110000 | |
| 105 | @aak z 000yy | |
| 200 | 1 | @a土力学与基础工程@Atu li xue yu ji chu gong cheng@f务新超, 魏明主编@Fwu xin chao,wei ming zhu bian |
| 210 | @a北京@c机械工业出版社@d2007.06 | |
| 215 | @a299页@c图@d26cm | |
| 300 | @a普通高等教育“十一五”国家级规划教材 高等职业教育规划教材 | |
| 330 | @a本书内容包括:土的物理性质及工程分类;土中水的运动规律;土体中的应力;土的压缩性及变形计算;土的抗剪强度与土坡稳定分析;挡土墙及压力;地基承载力;天然地基上的浅基础设计;桩基础;沉井基础及地下连续墙;地基处理简介;特殊地基的处理。 | |
| 606 | 0 | @a土力学@Atu li xue@x高等教育@j教材 |
| 606 | 0 | @a基础工程@Aji chu gong cheng@x高等教育@j教材 |
| 690 | @aTU4@v4 | |
| 701 | 0 | @a务新超@Awu xin chao@4主编 |
| 701 | 0 | @a魏明@Awei ming@4主编 |
| 801 | 0 | @aCN@bQSSK@c20080111 |
| 905 | @b276942-44@dTU4@eW995@f3 | |
| 土力学与基础工程/务新超, 魏明主编.-北京:机械工业出版社,2007.06 |
| 299页:图;26cm |
| 普通高等教育“十一五”国家级规划教材 高等职业教育规划教材 |
| ISBN 978-7-111-21246-1:CNY30.00 |
| 本书内容包括:土的物理性质及工程分类;土中水的运动规律;土体中的应力;土的压缩性及变形计算;土的抗剪强度与土坡稳定分析;挡土墙及压力;地基承载力;天然地基上的浅基础设计;桩基础;沉井基础及地下连续墙;地基处理简介;特殊地基的处理。 |
| ● |
| 相关链接 |
|
|
|
正题名:土力学与基础工程
索取号:TU4/W995
 
预约/预借
| 序号 | 登录号 | 条形码 | 馆藏地/架位号 | 状态 | 备注 |
| 1 | 276942 | 202769423 | 建筑库101/101建筑库 93排1列2层/ [索取号:TU4/W995] | 在馆 | |
| 2 | 276943 | 202769432 | 建筑库101/101建筑库 93排1列1层/ [索取号:TU4/W995] | 在馆 | |
| 3 | 276944 | 202769441 | 建筑库101/101建筑库 93排1列2层/ [索取号:TU4/W995] | 在馆 | |
| 4 | 485486 | 204854862 | 土木与交通工程学院资料室/ [索取号:TU4/W995] | 在馆 | |
| 5 | 485965 | 204859652 | 土木与交通工程学院资料室/ [索取号:TU4/W995] | 在馆 |